Statistiques concernant Quiz sur un arbre 2

Cliquez ici pour prendre le quiz!

Statistiques générales

  • Ce quiz a été pris 10 fois
  • Le résultat moyen est 4 sur 22

Statistiques - réponses

HintRéponse% Correct
Combien de fois ai-je regardé Friends en entier2
100%
Le nombre de bracelet que j'ai aux poignets5
40%
La couleur de ma culotte en ce moment même ?Rouge
40%
Orange
30%
2 de mes fruits préférésPoire
30%
Ma marque de chocolat préféréeLindt
20%
Quel est l'anniversaire de ma mère (DD/MM/AAAA)01/04/1969
10%
Le code postal d'Avrillé49250
10%
Mon poste de base au basketAilière
10%
La ville dans laquelle ma soeur habiteBalingen
10%
2 de mes légumes préférésConcombre
10%
épinards
10%
La marque de mon ordinateurHuawei
10%
Intouchables
10%
Neville Londubat
10%
Cites 3 de mes personnages d'harry Potter préféréRemus Lupin
10%
La musique que je joue tout le temps au pianoRivers flows in you
10%
mon signe ascendantSagittaire
10%
Severus Rogue
10%
Le nom complet de mon cousin créateur de jeuxThomas Dupont
10%
3 de mes films préférés (et ce n'est pas Astérix&Obé)Imitation game
0%
les choristes
0%

Distribution des résultats

Percentile par nombre de réponses

% des personnes avec chaque résultat

Votre développement - résultats

Vous n’avez pas pris ce quiz